Старейшины - Томску
| Автор-организация: | |
|---|---|
| Язык: | русский |
| Опубликовано: |
Томск, ИА "Открытый выбор", [2006]
|
| Предметы: |
Бурмакин
> Э. В.
> русский писатель
> 1928-
> Эдуард Владимирович
> специалист по вопросам этики и эстетики
> профессор Томского государственного университета, доктор философских наук
> Томск
Мартынов
> А. К.
> специалист в области машиностроения
> профессор Томского политехнического университета
> 1932-
> Анатолий Кузьмич
> Томск
Николаев
> М. Г.
> доцент Томского политехнического университета
> вице-президент ассоциации выпускников Томского политехнического университета
> 1926-
> Михаил Григорьевич
> Томск
> выпускник Томского политехнического института 1965 г.
> ректор ТГПИ 1983-1992 гг.
|
| Формат: | MixedMaterials Книга |
| Запись в KOHA: | https://koha.lib.tpu.ru/cgi-bin/koha/opac-detail.pl?biblionumber=328251 |
MARC
| LEADER | 00000nam0a2200000 4500 | ||
|---|---|---|---|
| 001 | 328251 | ||
| 005 | 20231102004037.0 | ||
| 010 | |a 5986110129 | ||
| 035 | |a (RuTPU)RU\TPU\book\353951 | ||
| 090 | |a 328251 | ||
| 100 | |a 20170214d2006 km y0rusy50 ca | ||
| 101 | 0 | |a rus | |
| 102 | |a RU | ||
| 105 | |a a z 000zd | ||
| 200 | 1 | |a Старейшины - Томску |f Томск, город, Администрация | |
| 210 | |a Томск |c ИА "Открытый выбор" |d [2006] | ||
| 215 | |a 96 с. |c ил. | ||
| 317 | |5 63413507: КР-2266 |a Поступила в НТБ в 2017 г. в составе книжного собрания ректора ТПИ И. П. Чучалина | ||
| 600 | 1 | |a Бурмакин |b Э. В. |c русский писатель |f 1928- |g Эдуард Владимирович |c специалист по вопросам этики и эстетики |c профессор Томского государственного университета, доктор философских наук |y Томск |2 stltpush |3 (RuTPU)RU\TPU\pers\13156 | |
| 600 | 1 | |a Жеравин |b А. И. |f 1933- |g Александр Иванович |c российский театральный деятель |y Томск |2 stltpush |3 (RuTPU)RU\TPU\pers\7950 | |
| 600 | 1 | |a Заплавный |b С. А. |c русский писатель |f 1942- |g Сергей Алексеевич |y Томск |2 stltpush |3 (RuTPU)RU\TPU\pers\13157 |9 3841 | |
| 600 | 1 | |a Мартынов |b А. К. |c специалист в области машиностроения |c профессор Томского политехнического университета |f 1932- |g Анатолий Кузьмич |y Томск |2 stltpush |3 (RuTPU)RU\TPU\pers\19837 |9 7774 | |
| 600 | 1 | |a Николаев |b М. Г. |c доцент Томского политехнического университета |c вице-президент ассоциации выпускников Томского политехнического университета |f 1926- |g Михаил Григорьевич |y Томск |c выпускник Томского политехнического института 1965 г. |c ректор ТГПИ 1983-1992 гг. |2 stltpush |3 (RuTPU)RU\TPU\pers\20262 | |
| 600 | 1 | |a Пичурин |b Л. Ф. |c русский писатель |c математик |f 1927- |g Лев Федорович |c педагог |y Томск |2 stltpush |3 (RuTPU)RU\TPU\pers\13176 | |
| 600 | 1 | |a Чучалин |b И. П. |c физик |c ректор Томского института автоматизированных систем управления и радиоэлектроники (ТИАСУР), 1972-1981 |f 1925- |g Иван Петрович |c ректор Томского политехнического института (ТПИ), 1981-1990 |c выпускник ФТФ ТПИ 1951 г. |x TPU |y Томск |2 stltpush |3 (RuTPU)RU\TPU\pers\11823 | |
| 606 | 1 | |a Общественные организации |y Россия |2 stltpush |3 (RuTPU)RU\TPU\subj\46684 | |
| 610 | 1 | |a политика | |
| 610 | 1 | |a Томск | |
| 610 | 1 | |a старейшины | |
| 610 | 1 | |a общественные деятели | |
| 610 | 1 | |a общественные движения | |
| 610 | 1 | |a 20 век | |
| 610 | 1 | |a Совет старейшин | |
| 610 | 1 | |a биографии | |
| 610 | 1 | |a персоналии | |
| 610 | 1 | |a коллекция И. П. Чучалина | |
| 610 | 1 | |a дары библиотеке | |
| 686 | |a Ф3(2)66 |v LBC/SL-A |2 rubbk | ||
| 712 | 0 | 1 | |a Томск, город |b Администрация |2 stltpush |3 (RuTPU)RU\TPU\col\3145 |9 23774 |
| 801 | 1 | |a RU |b 63413507 |c 20170214 | |
| 801 | 2 | |a RU |b 63413507 |c 20190123 |g RCR | |
| 942 | |c BK | ||